Normal view MARC view
  • Enami, M. M.

Entry Personal Name

Number of records used in: 1

001 - CONTROL NUMBER

  • control field: 39432

003 - CONTROL NUMBER IDENTIFIER

  • control field: OSt

005 - DATE AND TIME OF LATEST TRANSACTION

  • control field: 20160224114753.0

008 - FIXED-LENGTH DATA ELEMENTS

  • fixed length control field: 160224|| aca||aabn | a|a d

040 ## - CATALOGING SOURCE

  • Original cataloging agency: OSt

100 1# - HEADING--PERSONAL NAME

  • Personal name: Enami, M. M.

400 0# - SEE FROM TRACING--PERSONAL NAME

  • Personal name: M. M. Enami